000 01390cam a22003737a 4500
003 CHAP
005 20220329142502.0
008 010608d2001 mx r 00110 spa d
010 _a84130
011 _a85102
035 _a95632
040 _cCHAP
090 _aTesis
100 0 0 _aMendoza Palacios, Ramón.
_974713
245 1 0 _aDesfasamiento de época de floración con nitrato de potasio y nitrato de amonio en mango (Mangifera indica L. cv. Manila) en Pijijiapan, Chiapas
_c/por Ramón Mendóza Palacios
260 _aChapingo, Méx. :
_bEl autor,
_c2001.
300 _a64 h. :
_bgráfs.
502 _aTesis (Ing. Agr. Esp. en Fitotecnia) -- UACH. Departamento de Fitotecnia
590 _aALEPH
_b10
_c20130110
_lUCH01
_h1442
590 _aBATCH-UPD
_b10
_c20130110
_lUCH01
_h0324
590 _aBATCH-UPD
_b10
_c20130110
_lUCH01
_h1941
590 _aBATCH-UPD
_b10
_c20130409
_lUCH01
_h2357
590 _aBATCH-UPD
_b10
_c20130914
_lUCH01
_h1743
590 _aCONVERSION
_b10
_c20130109
_lUCH01
_h1347
650 1 4 _aMango
_xChiapas.
_970401
650 1 4 _aMango
_xFloración.
_970419
650 1 4 _aNitrato de amonio.
_981388
650 1 4 _aNitrato de potasio
_xEfecto en plantas.
_981392
901 _aBK
905 _aMayto Villalobos S.
942 _cFOLL
949 _aTesis
_bBC
_cTES
_d33724000823522
_eTS2
_fc.2
_h38215
_i95632
_si
949 _aTesis
_bBC
_cTES
_d956321
_eTS1
_h38216
_i95632
_si
999 _c84130
_d84130